Vicar of Dibley Guest Stars Quiz Stats

Quiz not verified by Sporcle

Challenge
Share
Tweet
Embed
Score 0/22 Timer 15:00
0 Plays Today
Hint Answer % Correct
She's an Australian pop star Kylie Minogue
83.2%
BBC Radio 2 DJ and Children In Need presenterTerry Wogan
71%
He starred in The Pirates of the Caribbean as Jack SparrowJohnny Depp
68.2%
He was the British Prime minister 1997-2007Tony Blair
65.4%
He's the new Doctor Who as of 2013Peter Capaldi
64.5%
He found fame with band The PoliceSting
60.7%
The latest judge on Strictly Come DancingDarcey Bussell
58.9%
She was married to Prince AndrewSarah Ferguson
50.5%
He's a British actor known for playing Boromir in The Lord of the Rings trilogySean Bean
47.7%
He hosts current affairs programme NewsnightJeremy Paxman
41.1%
She co hosts The Great British Bake Off with Sue PerkinsMel Giedroyc
33.6%
Hint Answer % Correct
He starred in The Hobbit as Thorin Oakenshield Richard Armitage
33.6%
He starred in Harry Potter as Veron DursleyRichard Griffiths
32.7%
This British film producer also wrote episodes of The Vicar of DibleyRichard Curtis
29%
She was a judge on Make Me A Supermodel and was on the first series of Dancing with the StarsRachel Hunter
21.5%
This British actress starred in the remake of Upstairs DownstairsKeeley Hawes
19.6%
She starred in Eastenders as Zainab MasoodNina Wadia
17.8%
He's a member of the Rolling StonesCharlie Watts
11.2%
He played Danny Trevanion in Wild At HeartSteven Tompkinson
8.4%
She starred in Ballykissangel and is married to Rupert Penry JonesDervla Kirwin
7.5%
He starred as Archdeacon Robert in sitcom Rev. and did the voice of Kreacher in Harry PotterSimon McBurney
6.5%
He's a British comedian and impressionistAlistair McGowen
2.8%

You're not logged in!

Compare scores with friends on all Sporcle quizzes.
Join for Free
OR
Log In

You Might Also Like...

Show Comments

Extras

Created Nov 16, 2013ReportNominate
Tags:guest, star

Top Quizzes Today


Score Distribution

Your Account Isn't Verified!

In order to create a playlist on Sporcle, you need to verify the email address you used during registration. Go to your Sporcle Settings to finish the process.

Report this User

Report this user for behavior that violates our Community Guidelines.

Details: